000 00516nam a2200181Ia 4500
008 140626s9999 xx 000 0 und d
100 _aLowie, Allison.
245 _aTeledermatology: a tool for nurse practitioner practice?
_cAllison Lowie.
260 _cc2012.
300 _a8 : 8, page 617
440 _aThe Journal for Nurse Practitioners (JNP)
521 _aNUR
650 _aNurse practitioners.
650 _aStore-and-forward.
650 _aTeledermatology.
650 _aTelehealth.
942 _cSE
999 _c121433
_d121433